1597 1562 1707 1334 1315 1530 1719 1544 1369 1886 1573 1509 1485 1361 1084 1370 1069 1839 1437 1225 1131 1553 1113 1122 1597 1572 1127 1748 1413 1101 1336 1179 1402 1181 1192 1591 1163 1173 1239 1759 1304 1007 1412 1044 1864 1323 1616 1605 1521 1858 1193 1035 1591 1633 1506 1668 1722 1242 1429 1959 1432 1493 1784 1066 1885 1017 1371 1435 1263 1794 1459 1580 1136 1313 1108 1859 1554 1588 1450 1643 1577 1413 1714 1911 1916 1747 1165 1554 1147 1868 1140 1796 1078 1032 1036 1863 1335 1562 1124 BCNSPRNW ULIB Ver.6.0+V

เปลี่ยนเป็นภาษาไทย

Change to English
 แสดงรายละเอียดบรรณานุกรม
  กลับหน้าหลัก

Brief Record : Get Marc (ISO 2709) : E-mail record : QR code < ปิดหน้าต่าง
LEADER : 00000nam 22003134a 4500
001    13399114522
003     ULIB
008    100204s2010 us a b 001 0 eng d
020    ^a9780763736248 (pbk.)
060 04 ^aWT115^bB531n
100 1  ^aBernstein, Melissa
245 10 ^aNutrition for the older adult /^cMelissa Bernstein, Ann
260    ^aSudbury, Mass. :^bJones and Bartlett Publishers,^cc2010
300    ^axi, 422 p. :^bill. ;^c26 cm.
500    ^aSend to Single Search
504    ^aIncludes bibliographical references and index
650  0 ^aOlder people^xNutrition
650  0 ^aDiet therapy for older people
650  2 ^aNutritional Physiological Phenomena
650  2 ^aAged
700 1  ^aLuggen, Ann Schmidt
945    ^p0^l0^i031630
995    ^a Kesorn
999 ^a ใช้งานได้ทุกระบบ
รายการนี้ยังไม่มีแท็ก
คุณยังไม่ได้ล็อกอิน คุณสามารถมีกิจกรรมร่วมกับเว็บไซต์ได้ แต่ต้องล็อกอินก่อน ::
  ล็อกอิน

รายการสื่อสารสนเทศ

ลำดับที่ ประเภท เลขเรียก/บาร์โค้ด สถานที่ สถานะ
- ไม่พบข้อมูล -

รายการใกล้เคียง
    หัวเรื่อง [Nutritional Physiological Phenomena]
    หัวเรื่อง [Aged]

BibComment


ยังไม่เคยถูกคอมเมนท์

คอมเมนท์ทรัพยากรรายการนี้
  คอมเมนท์: Nutrition for th..


 Copyright 2026. Bcnsprnw @Library